000 00614nam a2200205 a 4500
001 15928
003 CO-ViMGA
008 141112s2004 ck r 000 u spa d
040 _aCO-ViMGA
_bspa
_cCO-ViMGA
082 0 4 _a338.9018 R613p
100 1 _aRoberts, Pablo
_922852
245 1 0 _aPrograma Manejo de Proyectos
260 _aBogotá,
_cIICA,
_c1979
300 _a72.p.
590 _aForma de adquisición : Donación Biblioteca nacional - - Precio :
_10.000
650 1 4 _aEVALUACION DE PROYECTOS
650 1 4 _aInvestigación OPERACIONAL
_98221
650 1 4 _aPROYECTOS DE DESARROLLO
_913411
942 _2ddc
_cBK
999 _c25931
_d25931